WWE Champion 1990s - Statistics

General Stats
  • This quiz has been taken 51 times
  • The average score is 36 of 40
Answer Stats
Hint Answer % Correct
1991 Hulk Hogan
100%
1991 Hulk Hogan
100%
1993 Hulk Hogan
100%
1992 Bret Hart
98%
1994 Bret Hart
98%
1995 Bret Hart
98%
1997 Bret Hart
98%
1997 Bret Hart
98%
1998 Stone Cold Steve Austin
98%
1998 Stone Cold Steve Austin
98%
1999 Stone Cold Steve Austin
98%
1999 Stone Cold Steve Austin
98%
1999 Mankind
95%
1999 Mankind
95%
1999 Mankind
95%
1998 The Rock
95%
1999 The Rock
95%
1999 The Rock
95%
1991 The Undertaker
95%
1997 The Undertaker
95%
1999 The Undertaker
95%
1999 Triple H
93%
1999 Triple H
93%
1993 Yokozuna
93%
1993 Yokozuna
93%
1998 Kane
90%
1992 Randy Savage
90%
1990 The Ultimate Warrior
90%
1994 Diesel
88%
1992 Ric Flair
85%
1992 Ric Flair
85%
1999 Vince McMahon
85%
1996 Psycho Sid
80%
1997 Psycho Sid
80%
1996 Shawn Micheals
78%
1997 Shawn Micheals
78%
1997 Shawn Micheals
78%
1991 Sgt. Slaughter
75%
1999 Big Show
70%
1994 Bob Backlund
68%
No matching quizzes found
Score Distribution
Percent of People with Each Score
Percentile by Number Answered
Your Score History
You have not taken this quiz